000 00985nam a2200265 i 4500
003 DO-SdBNP
005 20250403130758.0
007 ta
008 250403t2024 dr ado 000 0 spa d
020 _a9789945932928
040 _aDO-SdBNP
_bspa
_cBNPHU
_erda
082 _axxxx
_bG943
_222
110 1 _aAsociación de Representantes, Agentes y Productores Farmacéuticos (ARAPF)
_987103
245 1 0 _aGuia básica de las vacunas /
_cedición, Carlos Suriel
264 _aSanto Domingo :
_bEditora Amigo del Hogar,
_c2024.
300 _a58 páginas
_bilustraciones, gráficas, fotografías ;
_c22 cm.
336 _atexto
_btxt
_2rdacontent
337 _asin mediación
_bn
_2rdamedia
338 _avolumen
_bnc
_2rdacarrier
504 _aBibliografía p: 47-48.
590 _aInventariado, 2025/ YL
856 _uhttps://www.arapf.org/wp-content/uploads/2024/08/Guia-basica-de-las-vacunas.pdf
_yAcceso al documento
_3Texto completo en PDF
910 _aYLockward
942 _2ddc
_cLBS1
999 _c58595
_d58595